Inventors of our world /

Bibliographic Details
Main Author: Leithauser, Joachim G.
Format: Book
Language:English
Published: London : The Scientific Book Club, [1958]
Subjects:

MARC

Tag First Indicator Second Indicator Subfields
LEADER 00000cam a2200000 4500
001 in00000033103
005 20151007055122.0
008 751007s1958 enkaf 00110 engx
010 |a  59019302  
035 |a (OCoLC)01682692 
035 |9 AAB7316AM 
040 |a DLC  |c FQG  |d TXA  |d UtOrBLW 
049 |a TXAM  |c [A11115475] 
050 0 0 |a T15  |b .L4613 1958 
082 0 |a 926.08 
100 1 |a Leithauser, Joachim G. 
245 1 0 |a Inventors of our world /  |c Translated from the German by Michael Bullock. 
264 1 |a London :  |b The Scientific Book Club,  |c [1958] 
264 4 |c ©1958 
300 |a xii, 257 pages, 16 unnumbered pages of plates :  |b illustrations ;  |c 23 cm. 
336 |a text  |b txt  |2 rdacontent 
337 |a unmediated  |b n  |2 rdamedia 
338 |a volume  |b nc  |2 rdacarrier 
500 |a Translation of Die zweite Schopfung der Welt. 
500 |a Includes index. 
650 0 |a Technology  |x History. 
650 0 |a Inventions  |x History. 
999 |a MARS 
999 f f |s a239ae7a-70f9-3fb9-b35d-1f7e619f8988  |i 79cfa1a1-f72e-3cfc-ada7-40311809e9bb  |t 0 
952 f f |p ric  |a Texas A&M University  |b Rellis Campus  |c Joint Library Facility  |d Remote Storage  |t 0  |e T15 .L4613 1958  |h Library of Congress classification  |i unmediated -- volume  |m A14811115475 
998 f f |a T15 .L4613 1958  |t 0  |l Remote Storage